000 00978nas a2200253 a 4500
001 000037416
003 DO-SdBNP
005 20260306140937.0
008 120409c19419999dr mr1p d 0 0spa d
040 _aDO-SdBNP
_bspa
_cBNPHU
_erda
043 _anwdr
222 2 _aBoletín
245 0 0 _aImportación de la República Dominicana.
260 _aSanto Domingo :
_bDirección General de Estadística, Sección de Publicaciones.,
_c1941.
300 _av.- ;
_c28 cm.
310 _aMensual
362 1 _aInicia con: Año.1: no. 11 (noviembre, 1941
500 _aCatalogación basada en: Año.1: no. 11 (noviembre, 1941)
650 0 _aComercio exterior
_vPublicaciones periódicas
_963855
651 4 _aRepública Dominicana
_xPolítica Económica
_9643
651 4 _aRepública Dominicana
_xComercio Exterior
_vPUBLICACIONES PERIÓDICAS
_963856
710 2 _aRepública Dominicana. Dirección General de Estadística
_bSección de Publicaciones
_963857
942 _2ddc
_cISSUE
999 _c36906
_d36906